[Event "Chessable Masters KO"]
[Site "chess24.com INT"]
[Date "2021.08.05"]
[Round "2.13"]
[White "Aronian, Levon"]
[Black "Le, Quang Liem"]
[Result "1/2-1/2"]
[WhiteTitle "GM"]
[BlackTitle "GM"]
[WhiteElo "2782"]
[BlackElo "2709"]
[WhiteFideId "13300474"]
[BlackFideId "12401137"]
[EventDate "2021.08.03"]
[EventType "k.o."]

1. e4 e5 2. Nf3 Nc6 3. Bc4 Nf6 4. d3 Bc5 5. Bg5 h6 6. Bh4 d6 7. c3 a6 8. Nbd2
Ba7 9. O-O g5 10. Bg3 O-O 11. a4 Nh7 12. Kh1 h5 13. h4 Bg4 14. hxg5 Ne7 15. Qc2
Ng6 16. Nh4 Qxg5 17. Nxg6 Qxg6 18. f4 Be2 19. Bh2 Bxf1 20. Rxf1 Nf6 21. Nf3 Ng4
22. Nh4 Qh7 23. fxe5 Ne3 24. Qc1 Nxf1 25. Qxf1 Rae8 26. exd6 cxd6 27. Bxd6 Bb8
28. Bxb8 Rxb8 29. e5 b5 30. axb5 axb5 31. Bd5 Qg7 32. d4 Qg5 33. Qf2 Kh8 34. Be4
Rg8 35. Kh2 Rb6 36. Bf5 Ra6 37. Bh3 Ra2 38. Nf5 h4 39. Nxh4 Rxb2 40. Qxb2 Qxh4
41. Qd2 Qg3+ 42. Kh1 Ra8 43. Qd1 Kg7 44. Qg4+ Qxg4 45. Bxg4 Ra3 46. Bd7 Rxc3 47.
Bxb5 Rc1+ 48. Kh2 Rd1 49. Kg3 Rxd4 50. Bc6 Kg6 51. Kf2 Kf5 52. g3 Kxe5 53. Bf3
Rd3 54. Ba8 Ra3 55. Bb7 Rb3 56. Bc6 Rb6 57. Ba8 Rf6+ 58. Ke3 Ra6 59. Bb7 Ra3+
60. Kf2 Kf5 61. Bc8+ Kg5 62. Bh3 Ra6 63. Bf1 Ra2+ 64. Kf3 Ra3+ 65. Kg2 Rc3 66.
Be2 Kf5 67. Bh5 Rc7 68. Kf2 Kg5 69. Be2 Rc2 70. Kf3 f5 71. Ke3 Ra2 72. Bf3 Ra3+
73. Kf2 f4 74. gxf4+ Kxf4 75. Bc6 Rc3 76. Bb7 Rc2+ 77. Kf1 Ke3 78. Kg1 Rf2 79.
Bc6 Ke2 80. Bb7 Ke1 81. Bc6 Rf6 82. Bb7 Rb6 83. Ba8 Rb2 84. Bc6 Rf2 85. Bb7 Ke2
86. Bc6 Rf6 87. Bb7 Rb6 88. Ba8 Rg6+ 89. Kh2 Ke3 90. Kh3 Kf4 91. Kh2 Rg3 92. Bb7
Kg4 93. Ba8 Ra3 94. Bb7 Ra2+ 95. Kg1 Kf4 96. Bc6 Rb2 97. Kf1 Ke3 98. Kg1 Rb6 99.
Ba8 Rg6+ 100. Kf1 Rg8 101. Bb7 1/2-1/2

[Event "Chessable Masters KO"]
[Site "chess24.com INT"]
[Date "2021.08.05"]
[Round "2.14"]
[White "Artemiev, Vladislav"]
[Black "So, Wesley"]
[Result "1/2-1/2"]
[WhiteTitle "GM"]
[BlackTitle "GM"]
[WhiteElo "2704"]
[BlackElo "2772"]
[WhiteFideId "24101605"]
[BlackFideId "5202213"]
[EventDate "2021.08.03"]
[EventType "k.o."]

1. d4 Nf6 2. Bf4 d5 3. e3 c5 4. Nc3 cxd4 5. exd4 Bg4 6. f3 Bd7 7. Qd2 Nc6 8. g4
e6 9. Nge2 Rc8 10. Nd1 Be7 11. g5 Nh5 12. Be3 Bd6 13. Nf2 Qb6 14. Nd3 Ne7 15.
Bh3 Bb5 16. O-O-O Qa6 17. Kb1 Bxd3 18. cxd3 Qb6 19. Rc1 Rxc1+ 20. Rxc1 g6 21.
Nc3 O-O 22. Bg4 Rc8 23. Bxh5 gxh5 24. h3 Kg7 25. Ne2 Rxc1+ 26. Qxc1 Nf5 27. Bf4
Bxf4 28. Nxf4 Qxd4 29. Nxh5+ Kg6 30. Nf4+ Kg7 31. Nh5+ Kg6 32. Nf4+ Kg7 33. Nh5+ 1/2-1/2

[Event "Chessable Masters KO"]
[Site "chess24.com INT"]
[Date "2021.08.05"]
[Round "2.14"]
[White "Le, Quang Liem"]
[Black "Aronian, Levon"]
[Result "1-0"]
[WhiteTitle "GM"]
[BlackTitle "GM"]
[WhiteElo "2709"]
[BlackElo "2782"]
[WhiteFideId "12401137"]
[BlackFideId "13300474"]
[EventDate "2021.08.03"]
[EventType "k.o."]

1. d4 Nf6 2. Nf3 g6 3. Nc3 d5 4. Bf4 Bg7 5. Nb5 Na6 6. e3 Nh5 7. Bg5 c6 8. Nc3
Qb6 9. Rb1 f6 10. Bh4 O-O 11. h3 e5 12. g4 g5 13. gxh5 gxh4 14. Rg1 Kh8 15. h6
Bxh6 16. Nxh4 Bg5 17. Qh5 Bxh4 18. Qh6 Rf7 19. Qxh4 Nb4 20. Kd2 c5 21. a3 Nc6
22. Bd3 Qd8 23. dxc5 b6 24. Rbd1 bxc5 25. Kc1 Be6 26. Be4 Nd4 27. Bh1 Rb8 28.
exd4 cxd4 29. Ne2 Qb6 30. b4 Qa6 31. Rd3 e4 32. b5 Qa5 33. Rxd4 Qxa3+ 34. Kd2
Qa5+ 35. Ke3 Rc8 36. c4 Qa3+ 37. Kf4 Qb2 38. Qh5 dxc4 39. Bxe4 f5 40. Bc6 c3 41.
Qg5 Rcf8 42. Rd8 Qb4+ 43. Nd4 Bd7 44. Qg8+ 1-0

[Event "Chessable Masters KO"]
[Site "chess24.com INT"]
[Date "2021.08.06"]
[Round "2.21"]
[White "Artemiev, Vladislav"]
[Black "So, Wesley"]
[Result "1-0"]
[WhiteTitle "GM"]
[BlackTitle "GM"]
[WhiteElo "2704"]
[BlackElo "2772"]
[WhiteFideId "24101605"]
[BlackFideId "5202213"]
[EventDate "2021.08.03"]
[EventType "k.o."]

1. Nf3 d5 2. g3 Nf6 3. Bg2 c5 4. O-O Nc6 5. d4 e6 6. b3 Be7 7. Bb2 O-O 8. Nbd2
cxd4 9. Nxd4 Nxd4 10. Bxd4 Bd7 11. c4 Bc6 12. Rc1 Rc8 13. cxd5 Bxd5 14. Rxc8
Qxc8 15. Bxf6 Bxf6 16. Bxd5 exd5 17. Nf3 Qf5 18. Qd2 Rc8 19. Qe3 d4 20. Nxd4 Qc5
21. Nf3 Qxe3 22. fxe3 Rc2 23. Kf2 h5 24. Rd1 Rxa2 25. Rd7 b6 26. Rb7 Ra5 27. Nd4
Rd5 28. Nc6 Rf5+ 29. Kg2 Rb5 30. b4 a6 31. Ra7 Bg5 32. e4 Bd2 33. Rxa6 Bxb4 34.
Nd4 Re5 35. Rxb6 Bc5 36. Rb8+ Kh7 37. Nf3 Re7 38. Rb5 Rc7 39. Ng5+ Kg6 40. Nh3
Kh6 41. Nf4 g6 42. e5 Ba7 43. Kf3 Rc3+ 44. Nd3 Rc7 45. Ra5 Kg7 46. Ra6 Bd4 47.
e6 f5 48. Rd6 Bf6 49. Rd7+ Rxd7 50. exd7 Kf7 51. Ne5+ Ke6 52. Nxg6 Kxd7 53. h4
Ke6 54. Nf4+ Ke5 55. Nxh5 Bd8 56. Nf4 Bb6 57. Nd3+ Kd5 58. Kf4 Ke6 59. Kg5 1-0

[Event "Chessable Masters KO"]
[Site "chess24.com INT"]
[Date "2021.08.06"]
[Round "2.21"]
[White "Le, Quang Liem"]
[Black "Aronian, Levon"]
[Result "1/2-1/2"]
[WhiteTitle "GM"]
[BlackTitle "GM"]
[WhiteElo "2709"]
[BlackElo "2782"]
[WhiteFideId "12401137"]
[BlackFideId "13300474"]
[EventDate "2021.08.03"]
[EventType "k.o."]

1. d4 Nf6 2. Nf3 d5 3. e3 c5 4. dxc5 e6 5. b4 b6 6. cxb6 Bxb4+ 7. c3 Be7 8. Bb5+
Nbd7 9. bxa7 Rxa7 10. a4 O-O 11. O-O Nb6 12. Ba3 Bd7 13. Ne5 Bxa3 14. Nxa3 Qc7
15. Nxd7 Nfxd7 16. c4 dxc4 17. Bxd7 Qxd7 18. Qxd7 Nxd7 19. Nxc4 Rc8 20. Nd6 Rca8
21. Rfd1 h6 22. a5 Ne5 23. f4 Nc6 24. Nc4 Nxa5 25. Nxa5 Rxa5 26. Rxa5 Rxa5 27.
Kf2 g5 28. Kf3 gxf4 29. exf4 Kg7 30. Rd3 Kg6 31. g4 h5 32. h3 hxg4+ 33. hxg4 Ra4
34. Re3 Ra5 35. Kg3 Ra4 36. Kf3 Ra5 37. Kg3 Ra4 38. Kf3 1/2-1/2

[Event "Chessable Masters KO"]
[Site "chess24.com INT"]
[Date "2021.08.06"]
[Round "2.22"]
[White "So, Wesley"]
[Black "Artemiev, Vladislav"]
[Result "1-0"]
[WhiteTitle "GM"]
[BlackTitle "GM"]
[WhiteElo "2772"]
[BlackElo "2704"]
[WhiteFideId "5202213"]
[BlackFideId "24101605"]
[EventDate "2021.08.03"]
[EventType "k.o."]

1. e4 c5 2. Nf3 e6 3. d4 cxd4 4. Nxd4 Nc6 5. Nc3 Qc7 6. Be3 a6 7. Qf3 Ne5 8. Qg3
Bd6 9. f4 Ng6 10. e5 Bb4 11. O-O-O Bxc3 12. bxc3 N8e7 13. Bd3 b5 14. Rhf1 Nd5
15. Bd2 Bb7 16. Rde1 Nge7 17. f5 O-O-O 18. fxe6 fxe6 19. Rf7 Kb8 20. Qf2 Qa5 21.
Kb2 b4 22. c4 Qa3+ 23. Ka1 Nc3 24. Bxc3 Qxc3+ 25. Kb1 Nc8 26. Rf1 Nb6 27. Ne2
Qxe5 28. Qxb6 Qxh2 29. Be4 Qc7 30. Qxb4 g6 31. Nd4 Rhe8 32. Bxb7 Qxb7 33. Nc6+ 1-0

[Event "Chessable Masters KO"]
[Site "chess24.com INT"]
[Date "2021.08.06"]
[Round "2.22"]
[White "Aronian, Levon"]
[Black "Le, Quang Liem"]
[Result "0-1"]
[WhiteTitle "GM"]
[BlackTitle "GM"]
[WhiteElo "2782"]
[BlackElo "2709"]
[WhiteFideId "13300474"]
[BlackFideId "12401137"]
[EventDate "2021.08.03"]
[EventType "k.o."]

1. e4 e5 2. Nf3 Nc6 3. Bc4 Nf6 4. d3 Bc5 5. Bg5 h6 6. Bh4 d6 7. c3 a6 8. Nbd2
Ba7 9. O-O Qe7 10. a4 g5 11. Bg3 Nd7 12. b4 Nf8 13. Kh1 h5 14. h4 g4 15. Nh2 Ng6
16. b5 Na5 17. Bd5 Be6 18. d4 Bxd5 19. exd5 f5 20. Qc2 Qf7 21. f4 exd4 22. cxd4
O-O 23. Rfe1 Rfe8 24. Nhf1 Bxd4 25. Rad1 Bb6 26. Qd3 axb5 27. axb5 Qf6 28. Ne3
Nxh4 29. Ndf1 Re4 30. Re2 Ng6 31. Nd2 Rxf4 32. Rf1 Rxf1+ 33. Ndxf1 Rf8 34. Bh2
f4 35. Nxg4 hxg4 36. Re6 Ne5 0-1

[Event "Chessable Masters KO"]
[Site "chess24.com INT"]
[Date "2021.08.06"]
[Round "2.23"]
[White "Artemiev, Vladislav"]
[Black "So, Wesley"]
[Result "1/2-1/2"]
[WhiteTitle "GM"]
[BlackTitle "GM"]
[WhiteElo "2704"]
[BlackElo "2772"]
[WhiteFideId "24101605"]
[BlackFideId "5202213"]
[EventDate "2021.08.03"]
[EventType "k.o."]

1. c4 Nf6 2. Nf3 e6 3. g3 d5 4. Bg2 Be7 5. O-O O-O 6. b3 c5 7. cxd5 Nxd5 8. Bb2
Nc6 9. d4 cxd4 10. Nxd4 Bd7 11. Na3 Bf6 12. Nc4 Nxd4 13. Bxd4 Bb5 14. Rc1 Rc8
15. Bxd5 Qxd5 16. Bxf6 Qxd1 17. Rfxd1 gxf6 18. Nd6 Rxc1 19. Rxc1 Bc6 20. Kf1 Rd8
21. Nc4 Bb5 22. Na3 Ba6 23. Ke1 Rd7 24. Rc8+ Kg7 25. Nc2 b6 26. Ra8 Bb5 27. Nb4
Rc7 28. a4 Bd7 29. Na6 Rb7 30. Rd8 Bc6 31. Nb4 Rc7 32. Kd2 f5 33. f3 Bb7 34. Rd4
Kf6 35. Rh4 a5 36. Nd3 Bd5 37. Nc1 Kg6 38. Rd4 Kf6 39. Rh4 Kg6 40. Rd4 Kf6 41.
Rh4 1/2-1/2

[Event "Chessable Masters KO"]
[Site "chess24.com INT"]
[Date "2021.08.06"]
[Round "2.23"]
[White "Le, Quang Liem"]
[Black "Aronian, Levon"]
[Result "0-1"]
[WhiteTitle "GM"]
[BlackTitle "GM"]
[WhiteElo "2709"]
[BlackElo "2782"]
[WhiteFideId "12401137"]
[BlackFideId "13300474"]
[EventDate "2021.08.03"]
[EventType "k.o."]

1. d4 Nf6 2. Nf3 g6 3. Nc3 d5 4. Bf4 Bg7 5. e3 Nh5 6. Be5 f6 7. Bg3 c6 8. Bh4
O-O 9. h3 g5 10. Nd2 Qe8 11. Be2 Nf4 12. exf4 gxh4 13. Bh5 Qd8 14. Nf3 Qd6 15.
Qd2 e5 16. fxe5 fxe5 17. dxe5 Bxe5 18. Qg5+ Bg7 19. O-O Nd7 20. Bg4 Ne5 21. Nxe5
Qxe5 22. Qxh4 Bf6 23. Qh6 Bxg4 24. hxg4 Rae8 25. Rad1 Bg5 26. Qh3 Re6 27. g3 Rh6
28. Qg2 Qe6 29. f4 Bd8 30. Qe2 Qd7 31. Rde1 Rg6 32. f5 Rg5 33. Kg2 Qg7 34. Rf4
Bc7 35. Qe6+ Kh8 36. f6 Qg8 37. Kf3 Rg6 38. Rf5 Rxg4 39. Qxg8+ Rfxg8 40. Ne2
R4g6 41. f7 Rf8 42. Nf4 Bxf4 43. Kxf4 a5 44. Re7 b5 45. Rc7 Kg7 46. g4 h6 47. a3
Re6 48. Kg3 a4 49. Kh4 d4 50. Rc5 Rxf7 51. R5xc6 Rxc7 52. Rxc7+ Kf6 53. Rc5 Re2
54. Kg3 Ke6 55. Kf3 Kd6 56. Rxb5 Rxc2 57. Ke4 Rg2 58. Kxd4 Rxg4+ 59. Kc3 Rg3+
60. Kc4 Rh3 61. Ra5 h5 62. Kb5 Rh4 63. Ra8 Rg4 64. Rh8 h4 65. Rh5 Ke6 66. Kc5
Rf4 67. Rh8 Kf5 68. Kd5 Kg4 69. Ke5 Kg3 70. Rg8+ Rg4 71. Rc8 h3 72. b4 h2 73.
Rc1 Kh3 74. Rh1 Rg3 0-1

[Event "Chessable Masters KO"]
[Site "chess24.com INT"]
[Date "2021.08.06"]
[Round "2.24"]
[White "So, Wesley"]
[Black "Artemiev, Vladislav"]
[Result "1/2-1/2"]
[WhiteTitle "GM"]
[BlackTitle "GM"]
[WhiteElo "2772"]
[BlackElo "2704"]
[WhiteFideId "5202213"]
[BlackFideId "24101605"]
[EventDate "2021.08.03"]
[EventType "k.o."]

1. e4 d6 2. d4 g6 3. Nc3 Bg7 4. Be3 a6 5. Qd2 b5 6. O-O-O Bb7 7. f3 Nd7 8. h4 h6
9. g4 e6 10. Kb1 Ngf6 11. Nh3 Nb6 12. a3 Nfd7 13. g5 hxg5 14. Bxg5 Bf6 15. Bd3
Qe7 16. Nf2 O-O-O 17. Ng4 Bxg5 18. hxg5 Rh5 19. Rxh5 gxh5 20. Nh6 c5 21. Be2 Kb8
22. Rh1 cxd4 23. Qxd4 d5 24. Rxh5 e5 25. Qb4 Qe6 26. exd5 Nxd5 27. Nxd5 Qxd5 28.
Rh1 e4 29. fxe4 Qxe4 30. Qxe4 Bxe4 31. Rd1 Bg6 32. Bg4 Kc7 33. Rxd7+ Rxd7 34.
Bxd7 Kxd7 35. Kc1 Ke6 36. Kd2 Ke5 37. Ke3 Kd5 38. c3 Ke5 39. a4 bxa4 40. c4 Bh5
41. Kd3 Kf4 42. Kc3 a5 43. b4 axb3 44. Kxb3 Kxg5 45. Nxf7+ Bxf7 46. Ka4 Bxc4 47.
Kxa5 1/2-1/2

[Event "Chessable Masters KO"]
[Site "chess24.com INT"]
[Date "2021.08.06"]
[Round "2.24"]
[White "Aronian, Levon"]
[Black "Le, Quang Liem"]
[Result "1-0"]
[WhiteTitle "GM"]
[BlackTitle "GM"]
[WhiteElo "2782"]
[BlackElo "2709"]
[WhiteFideId "13300474"]
[BlackFideId "12401137"]
[EventDate "2021.08.03"]
[EventType "k.o."]

1. e4 e5 2. Nf3 Nc6 3. Bc4 Nf6 4. d3 Bc5 5. Bg5 h6 6. Bh4 d6 7. c3 a6 8. Nbd2
Ba7 9. a4 Qe7 10. O-O g5 11. Bg3 Nd7 12. Kh1 Nf8 13. Ng1 Ng6 14. b4 O-O 15. b5
Nd8 16. d4 Ne6 17. Ne2 Qf6 18. f3 exd4 19. Rc1 axb5 20. axb5 Bd7 21. Nb3 d3 22.
Bxd3 Be3 23. Rb1 Nef4 24. Nbd4 Ne5 25. Bc2 Ra3 26. Bb3 Ra5 27. c4 Rfa8 28. Be1
R5a7 29. Nc2 Bc5 30. Bc3 Be6 31. g3 Nh3 32. Ncd4 Qg6 33. Qc2 Ra3 34. Nxe6 fxe6
35. Bb2 R3a7 36. Qc3 Rf8 37. Bc2 Qh5 38. Nd4 Bxd4 39. Qxd4 b6 40. Bd1 Qg6 41.
Kg2 g4 42. f4 c5 43. bxc6 Nf3 44. Qh8+ Kf7 45. f5 Qh5 46. Qf6+ Kg8 47. Qxe6+
Raf7 48. Bxf3 gxf3+ 49. Kh1 Ng5 50. Qxd6 Nxe4 51. Qe5 Nf6 52. Rbe1 Kh7 53. Qf4
Ng4 54. h4 Qxf5 55. Qxf5+ Rxf5 56. Bd4 b5 57. Re4 h5 58. cxb5 Rxb5 59. c7 f2 60.
Kg2 Rc8 61. Rc1 Rb4 62. Rf4 Kg6 63. Rc6+ Kh7 64. Bxf2 Rb2 65. Rf7+ Kg8 66. Rf4
Ne5 67. Rc5 Nd3 68. Rg5+ Kh7 69. Rxh5+ Kg6 70. Rg5+ Kh6 71. Rf6+ Kh7 72. Rf7+
Kh6 73. Rd5 Kg6 74. Rff5 Rd2 75. h5+ Kh6 76. Rd6+ Kh7 77. Rd7+ Kh6 78. Kf1 Rd1+
79. Ke2 Nxf2 80. Rxd1 Nxd1 81. Kxd1 Rxc7 82. Ke2 Rc3 83. Kf2 Ra3 84. Kg2 Rb3 85.
Kh3 Ra3 86. Kh4 Ra1 87. Rf6+ Kg7 88. Rb6 Ra5 89. g4 Rc5 90. Rb7+ Kf6 91. g5+ Kf5
92. Rf7+ Ke6 93. Rf6+ Ke7 94. h6 1-0

[Event "Chessable Masters KO"]
[Site "chess24.com INT"]
[Date "2021.08.06"]
[Round "2.31"]
[White "Aronian, Levon"]
[Black "Le, Quang Liem"]
[Result "1/2-1/2"]
[WhiteTitle "GM"]
[BlackTitle "GM"]
[WhiteElo "2782"]
[BlackElo "2709"]
[WhiteFideId "13300474"]
[BlackFideId "12401137"]
[EventDate "2021.08.03"]
[EventType "k.o."]

1. e4 e5 2. Nf3 Nc6 3. Bc4 Nf6 4. d3 Bc5 5. Bg5 h6 6. Bh4 d6 7. c3 a6 8. Nbd2
Ba7 9. O-O Qe7 10. a4 g5 11. Bg3 Nd7 12. Kh1 Nf8 13. Ng1 Ng6 14. b4 O-O 15. f3
h5 16. Bf2 Bxf2 17. Rxf2 h4 18. Nf1 Qf6 19. Ne3 Nce7 20. Qd2 Kg7 21. Ng4 Bxg4
22. fxg4 Nf4 23. Nf3 c6 24. Bb3 Rad8 25. Qe3 Neg6 26. c4 Qe7 27. d4 a5 28. b5 f6
29. d5 Nh8 30. g3 hxg3 31. hxg3 Nfg6 32. Ne1 Nf7 33. Nc2 Nh6 34. Qe2 cxd5 35.
exd5 f5 36. gxf5 Nxf5 37. Kg2 e4 38. Raf1 Qe5 39. Rxf5 Rxf5 40. Rxf5 Qxf5 41.
Nd4 Qf6 42. Ne6+ Kh6 43. Nxd8 Qxd8 44. Qxe4 Qf6 45. Bc2 b6 46. Qxg6+ Qxg6 47.
Bxg6 Kxg6 48. Kf3 Kf5 49. g4+ Kg6 50. Ke3 Kf7 51. Kd4 Ke7 52. Ke4 Kf6 53. Kf3
Kf7 54. Ke3 Ke7 55. Kd4 Kf7 56. Ke4 Kf6 57. Kd4 Ke7 58. Ke3 Kf7 59. Kf3 Ke7 60.
Kg2 Kf6 61. Kf2 Kf7 62. Ke3 Ke7 63. Kd4 Kf7 64. Kd3 Ke7 65. Ke4 Kf6 1/2-1/2

[Event "Chessable Masters KO"]
[Site "chess24.com INT"]
[Date "2021.08.06"]
[Round "2.32"]
[White "Le, Quang Liem"]
[Black "Aronian, Levon"]
[Result "1/2-1/2"]
[WhiteTitle "GM"]
[BlackTitle "GM"]
[WhiteElo "2709"]
[BlackElo "2782"]
[WhiteFideId "12401137"]
[BlackFideId "13300474"]
[EventDate "2021.08.03"]
[EventType "k.o."]

1. d4 Nf6 2. Nf3 d5 3. e3 c5 4. dxc5 e6 5. b4 b6 6. cxb6 Bxb4+ 7. c3 Be7 8. Bb5+
Nbd7 9. bxa7 Rxa7 10. Nd4 Bb7 11. O-O O-O 12. a4 Qa8 13. Ba3 Bxa3 14. Rxa3 Nc5
15. Nd2 Rc8 16. Qc2 Ba6 17. Rfa1 h6 18. a5 e5 19. Bxa6 Rxa6 20. N4b3 Ne6 21. Nf3
Nd7 22. h3 f6 23. Qb2 Qb7 24. Ne1 Ndc5 25. Qa2 Ne4 26. c4 dxc4 27. Nd2 Nxd2 28.
Qxd2 Nc5 29. Qc3 Qb5 30. Nf3 Nb3 31. R1a2 Rca8 32. Nd2 Rxa5 33. Nxc4 Rxa3 34.
Rxa3 Rxa3 35. Nxa3 Qd5 36. Qc4 Qxc4 37. Nxc4 Kf7 38. e4 Nd4 39. f3 Ke6 40. Kf2
h5 41. h4 g6 42. g3 Nb5 43. Ke3 Nd6 44. Nb2 f5 45. Nd3 fxe4 46. fxe4 Nc4+ 47.
Ke2 Nd6 48. Ke3 Nc4+ 49. Ke2 Kd6 50. Kf3 Kc6 51. g4 Kb5 52. gxh5 gxh5 53. Ke2
Kc6 54. Nf2 Nd6 55. Kd3 Nf7 56. Nh1 Nh8 57. Ng3 Ng6 58. Nxh5 Nxh4 59. Nf6 Nf3
60. Ng4 Kd6 61. Kc3 Ng5 62. Kb2 Nxe4 63. Nxe5 Kxe5 1/2-1/2

[Event "Chessable Masters KO"]
[Site "chess24.com INT"]
[Date "2021.08.06"]
[Round "2.33"]
[White "Le, Quang Liem"]
[Black "Aronian, Levon"]
[Result "1-0"]
[WhiteTitle "GM"]
[BlackTitle "GM"]
[WhiteElo "2709"]
[BlackElo "2782"]
[WhiteFideId "12401137"]
[BlackFideId "13300474"]
[EventDate "2021.08.03"]
[EventType "k.o."]

1. d4 Nf6 2. Nf3 d5 3. c3 Bf5 4. Qb3 Qc8 5. c4 e6 6. cxd5 exd5 7. Nc3 c6 8. Bf4
Be7 9. Rc1 O-O 10. h3 a5 11. g4 Be6 12. e3 Ne4 13. Bd3 Nxc3 14. bxc3 Nd7 15. Qb1
g6 16. Ng5 Nf6 17. c4 dxc4 18. Nxe6 Bb4+ 19. Kf1 Qxe6 20. Bxc4 Qd7 21. Kg2 b5
22. Bb3 Nd5 23. Bg3 Ba3 24. Rc2 a4 25. Bxd5 Qxd5+ 26. f3 Rfe8 27. Rc3 Bf8 28.
Bf2 b4 29. e4 Qb5 30. Rd3 Red8 31. Rhd1 Rab8 32. d5 c5 33. d6 b3 34. axb3 axb3
35. Rd5 Rbc8 36. R1d3 Qa6 37. Rxb3 Rxd6 38. Rxd6 Qxd6 39. Rb6 Qd7 40. Rb7 Rc7
41. Rb8 Rc8 42. Rb7 Rc7 43. Rb5 c4 44. Rd5 Qc8 45. Bd4 Rd7 46. Qb5 Rxd5 47. exd5
c3 48. Qc6 Qxc6 49. dxc6 c2 50. Bb2 Bd6 51. Kf2 Kf8 52. Ke2 Ke7 53. Kd3 Ke6 54.
Kxc2 Kd5 55. Kd3 Kxc6 56. Ke4 Kd7 57. Kd5 Ke7 58. Bd4 Kd7 59. Be3 Be7 60. Bg5
Bd8 61. Be3 Be7 62. Bc1 Bd8 63. Bb2 Be7 64. Be5 Bd8 65. Bd6 Be7 66. Bxe7 Kxe7
67. Ke5 f6+ 68. Kd5 Kd7 69. f4 1-0

[Event "Chessable Masters KO"]
[Site "chess24.com INT"]
[Date "2021.08.07"]
[Round "3.11"]
[White "Aronian, Levon"]
[Black "Artemiev, Vladislav"]
[Result "1-0"]
[WhiteTitle "GM"]
[BlackTitle "GM"]
[WhiteElo "2782"]
[BlackElo "2704"]
[WhiteFideId "13300474"]
[BlackFideId "24101605"]
[EventDate "2021.08.03"]
[EventType "k.o."]

1. e4 c6 2. d4 d5 3. exd5 cxd5 4. Bd3 Nc6 5. c3 Qc7 6. h3 Nf6 7. Nf3 g6 8. Qc2
Bg7 9. O-O O-O 10. Re1 Re8 11. Be3 Nh5 12. Nbd2 Nf4 13. Bf1 Nh5 14. Nb3 Bf5 15.
Qd2 Nf6 16. Bf4 Qb6 17. Ne5 Ne4 18. Qe3 Nxe5 19. Bxe5 Bxe5 20. dxe5 Qxe3 21.
Rxe3 Rac8 22. Rd1 Nc5 23. Rxd5 Nxb3 24. axb3 Be6 25. Ra5 a6 26. b4 Red8 27. Bd3
Bc4 28. Bxc4 Rxc4 29. b3 Rd1+ 30. Kh2 Rc7 31. c4 Rd4 32. g4 e6 33. Kg3 g5 34.
Kf3 Kg7 35. Ke2 b5 36. Rxa6 bxc4 37. Rd6 Rf4 38. Rc3 Rb7 39. Rxc4 Rxb4 40. Rxb4
Rxb4 41. Rd3 Re4+ 42. Re3 Rd4 43. Rc3 Kf8 44. Rc4 Rd5 45. b4 Rxe5+ 46. Kd3 Re1
47. b5 Rb1 48. Rc5 h6 49. Kc4 Ke8 50. Rc6 Kd7 51. Kc5 Rb2 52. Kb6 Rxf2 53. Kb7
Rb2 54. b6 f5 55. gxf5 exf5 56. Rxh6 g4 57. hxg4 fxg4 58. Rg6 Rb4 59. Ka7 Ra4+
60. Kb8 Ke7 61. b7 Kf7 62. Rc6 g3 63. Kc8 g2 64. b8=Q g1=Q 65. Qb3+ Ke7 66. Re6+
Kf8 67. Rf6+ Kg7 68. Qf7+ 1-0

[Event "Chessable Masters KO"]
[Site "chess24.com INT"]
[Date "2021.08.07"]
[Round "3.12"]
[White "Le, Quang Liem"]
[Black "So, Wesley"]
[Result "1/2-1/2"]
[WhiteTitle "GM"]
[BlackTitle "GM"]
[WhiteElo "2709"]
[BlackElo "2772"]
[WhiteFideId "12401137"]
[BlackFideId "5202213"]
[EventDate "2021.08.03"]
[EventType "k.o."]

1. d4 Nf6 2. Nf3 d5 3. Bf4 c5 4. e3 e6 5. c3 Nc6 6. Nbd2 Be7 7. Ne5 Qb6 8. Rb1
O-O 9. Bd3 Nd7 10. O-O f5 11. Ndf3 Ncxe5 12. Nxe5 Bd6 13. g4 Nxe5 14. dxe5 Be7
15. Bg3 Qc6 16. f4 b5 17. gxf5 exf5 18. Be2 Bb7 19. Bf3 Rad8 20. Rf2 Rd7 21. Rd2
Rfd8 22. Qe1 Qb6 23. Rbd1 d4 24. Bxb7 Qxb7 25. cxd4 cxd4 26. Rxd4 Rxd4 27. exd4
Qd5 28. b3 Bc5 29. Bf2 Qf3 30. Qf1 Qxf4 31. Qd3 Bb6 32. h3 Bc7 33. Qe2 Rd5 34.
Kg2 Qg5+ 35. Kf1 Qf4 36. Kg2 Qg5+ 37. Kf1 Qf4 38. Kg2 1/2-1/2

[Event "Chessable Masters KO"]
[Site "chess24.com INT"]
[Date "2021.08.07"]
[Round "3.12"]
[White "Artemiev, Vladislav"]
[Black "Aronian, Levon"]
[Result "1/2-1/2"]
[WhiteTitle "GM"]
[BlackTitle "GM"]
[WhiteElo "2704"]
[BlackElo "2782"]
[WhiteFideId "24101605"]
[BlackFideId "13300474"]
[EventDate "2021.08.03"]
[EventType "k.o."]

1. Nf3 d5 2. g3 g6 3. Bg2 Bg7 4. d4 Nf6 5. O-O O-O 6. c4 c6 7. b3 Bf5 8. Bb2
Nbd7 9. e3 b5 10. cxb5 cxb5 11. Nc3 b4 12. Na4 Rc8 13. Qd2 a5 14. Rfc1 Rxc1+ 15.
Rxc1 Qa8 16. Ne5 Rc8 17. Nxd7 Rxc1+ 18. Qxc1 Nxd7 19. Qc7 Bf6 20. Bf1 h5 21. Bb5
Qb8 22. Qxa5 e5 23. Bxd7 Bxd7 24. dxe5 Be7 25. Nb6 Bf5 26. Nxd5 Qb7 27. f3 Be6
28. e4 Bf8 29. Nf4 Qc6 30. Nxe6 fxe6 31. Bd4 g5 32. Qb6 Qc1+ 33. Kg2 Kf7 34. Bf2
Qc2 35. Qe3 Be7 36. h4 gxh4 37. gxh4 Qxa2 38. Kh3 Qb1 39. Kg2 Qb2 40. Qh6 Qxb3
41. Qxh5+ Kf8 42. Qh8+ Kf7 43. h5 Qa2 44. h6 Bh4 45. Qg7+ Ke8 46. Qg8+ Ke7 47.
Qg7+ Ke8 48. Qa7 Qxa7 49. Bxa7 Kf7 50. Kf1 b3 51. Bd4 Kg6 52. Ke2 Kxh6 53. Kd3
Bg3 54. Kc3 Kg5 55. Be3+ Bf4 56. Bd4 Kh4 57. Kxb3 Kg3 58. Kc3 Kxf3 59. Kd3 Bg3
60. Bc3 Bf4 61. Kd4 Be3+ 62. Kd3 Bf4 1/2-1/2

[Event "Chessable Masters KO"]
[Site "chess24.com INT"]
[Date "2021.08.07"]
[Round "3.13"]
[White "So, Wesley"]
[Black "Le, Quang Liem"]
[Result "1-0"]
[WhiteTitle "GM"]
[BlackTitle "GM"]
[WhiteElo "2772"]
[BlackElo "2709"]
[WhiteFideId "5202213"]
[BlackFideId "12401137"]
[EventDate "2021.08.03"]
[EventType "k.o."]

1. e4 e5 2. Nf3 Nc6 3. Bb5 a6 4. Ba4 Nf6 5. O-O Be7 6. Re1 b5 7. Bb3 d6 8. c3
O-O 9. h3 Bb7 10. d4 Re8 11. Ng5 Rf8 12. Nf3 Re8 13. Nbd2 Bf8 14. a4 exd4 15.
cxd4 h6 16. Bc2 Nb4 17. Bb1 c5 18. d5 Nd7 19. Ra3 c4 20. Nd4 Qf6 21. N2f3 Nc5
22. b3 Nbd3 23. Bxd3 Nxd3 24. Re3 b4 25. Ra1 Ne5 26. Nxe5 dxe5 27. Nf5 c3 28.
Rf3 Qd8 29. Nxh6+ gxh6 30. Rg3+ Kh7 31. Qg4 1-0